Maruxa [ (Record no. 169001)
[ view plain ]
| 000 -LEADER | |
|---|---|
| campo de control de longitud fija | 00757nam a22001935i 4500 |
| 001 - NÚMERO DE CONTROL | |
| campo de control | 169001 |
| 003 - IDENTIFICADOR DE NÚMERO DE CONTROL | |
| campo de control | ES-MaACL |
| 005 - FECHA Y HORA DE LA ÚLTIMA TRANSACCIÓN | |
| campo de control | 20231206063254.0 |
| 008 - DATOS DE LONGITUD FIJA--INFORMACIÓN GENERAL | |
| campo de control de longitud fija | 080721s1935 sp |||| | spa d |
| 100 1# - ENTRADA PRINCIPAL--NOMBRE DE PERSONA | |
| Nombre de persona | Vives, Amadeo, |
| Fechas asociadas al nombre | 1871-1932 |
| 9 (RLIN) | 115566 |
| 245 10 - MENCIÓN DEL TÍTULO | |
| Título | Maruxa [ |
| Medio | música impresa] |
| Resto del título | : comedia lírica en dos actos : partitura / |
| Mención de responsabilidad, etc. | letra de Luis P. Frutos ; música de Amadeo Vives. |
| 260 ## - PUBLICACIÓN, DISTRIBUCIÓN, ETC. | |
| Lugar de publicación, distribución, etc. | Madrid : |
| Nombre del editor, distribuidor, etc. | Unión Musical Española, |
| Fecha de publicación, distribución, etc. | [1935] |
| 300 ## - DESCRIPCIÓN FÍSICA | |
| Extensión | 1 partitura vocal (260 p.) ; |
| Dimensiones | 31 cm. |
| 650 14 - PUNTO DE ACCESO ADICIONAL DE MATERIA--TÉRMINO DE MATERIA | |
| Término de materia o nombre geográfico como elemento de entrada | Zarzuelas- |
| Subdivisión general | Partituras vocales. |
| 9 (RLIN) | 138109 |
| 700 1# - ENTRADA AGREGADA--NOMBRE PERSONAL | |
| Nombre de persona | Pascual Frutos, Luis. |
| 9 (RLIN) | 138110 |
| 700 1# - ENTRADA AGREGADA--NOMBRE PERSONAL | |
| Nombre de persona | Vives, Amadeo, |
| Fechas asociadas al nombre | 1871-1932 |
| 9 (RLIN) | 115566 |
| 852 4# - LOCALIZACIÓN | |
| Ubicación | ES-MaACL |
| Número de control de estantería | L-29322 |
| Nota libre | .- Biblioteca Jacinto Martínez Lacalle |
| Estatus retirado | Estado de pérdida | Fuente del sistema de clasificación o colocación | Estado de daño | No para préstamo | Colección | Biblioteca de origen | Biblioteca actual | Ubicación en estantería | Fecha de adquisición | Total de préstamos | Signatura topográfica completa | Código de barras | Visto por última vez | Precio de reemplazo | Tipo de ítem Koha |
|---|---|---|---|---|---|---|---|---|---|---|---|---|---|---|---|
| Clasificación decimal universal | Música impresa | Biblioteca del Ateneo de Madrid | Biblioteca del Ateneo de Madrid | Depósito 2 | 21/07/2008 | L-29322 | 1177376 | 23/02/2023 | 23/02/2023 | Partitura |
